El ideal en la educación (Record no. 129928)

MARC details
000 -LEADER
campo de control de longitud fija 00534nam a2200181 i 4500
001 - NÚMERO DE CONTROL
campo de control 129928
003 - IDENTIFICADOR DE NÚMERO DE CONTROL
campo de control ES-MaACL
005 - FECHA Y HORA DE LA ÚLTIMA TRANSACCIÓN
campo de control 20250828004907.0
007 - CAMPO FIJO DE DESCRIPCIÓN FÍSICA--INFORMACIÓN GENERAL
campo de control de longitud fija t|
008 - DATOS DE LONGITUD FIJA--INFORMACIÓN GENERAL
campo de control de longitud fija 070711q1921 sp ||||1| spa d
100 1# - ENTRADA PRINCIPAL--NOMBRE DE PERSONA
Nombre de persona Zulueta, Luis de,
Fechas asociadas al nombre 1878-1964
9 (RLIN) 118478
245 13 - MENCIÓN DEL TÍTULO
Título El ideal en la educación
Resto del título : ensayos pedagógicos /
Mención de responsabilidad, etc. Luis de Zulueta.
260 ## - PUBLICACIÓN, DISTRIBUCIÓN, ETC.
Lugar de publicación, distribución, etc. [Madrid] :
Nombre del editor, distribuidor, etc. La Lectura,
Fecha de publicación, distribución, etc. [1921]
300 ## - DESCRIPCIÓN FÍSICA
Extensión 243 p. ;
Dimensiones 20 cm.
650 17 - PUNTO DE ACCESO ADICIONAL DE MATERIA--TÉRMINO DE MATERIA
Término de materia o nombre geográfico como elemento de entrada Pedagogía
Fuente del encabezamiento o término embne
9 (RLIN) 15904
852 ## - LOCALIZACIÓN
Ubicación ES-MaACL
Número de control de estantería B-3065
Holdings
Estatus retirado Estado de pérdida Estado de daño No para préstamo Biblioteca de origen Biblioteca actual Ubicación en estantería Fecha de adquisición Fuente de adquisición Total de préstamos Signatura topográfica completa Código de barras Visto por última vez Precio de reemplazo Tipo de ítem Koha
        Biblioteca del Ateneo de Madrid Biblioteca del Ateneo de Madrid Sala Pardo Bazán 17/01/2008     B-3065 1135290 23/02/2023 23/02/2023 Libro impreso